Efektívne vedenie ľudí v podniku bakalárska práca

Salvato in:
Dettagli Bibliografici
Autore principale: Rímešová, Petra
Ente Autore: Fakulta podnikového manažmentu EU. Katedra manažmentu
Altri autori: Papulová, Emília
Natura: Libro
Lingua:slovacco
Pubblicazione: Bratislava 2014
Tags: Aggiungi Tag
Nessun Tag, puoi essere il primo ad aggiungerne!!

MARC

LEADER 00000nbm a2200000 4500
001 0189682
005 20170201093339.0
041 0 |a slo 
044 |a SK 
245 1 0 |a Efektívne vedenie ľudí v podniku  |b bakalárska práca  |c Petra Rímešová ; školiteľ: Emília Papulová 
264 1 |a Bratislava  |c 2014 
300 |a 52 s. 
100 1 |a Rímešová, Petra 
700 1 |a Papulová, Emília 
710 2 |a Fakulta podnikového manažmentu EU. Katedra manažmentu